[Event "20th World Seniors"]
[Site "Arco ITA"]
[Date "2010.11.02"]
[Round "7"]
[White "Pushkov,N"]
[Black "Pritchett,C"]
[Result "1-0"]
[WhiteElo "2466"]
[BlackElo "2314"]

1.d4 Nf6 2.c4 e6 3.Nf3 Bb4+ 4.Bd2 a5 5.Nc3 O-O 6.g3 d5 7.cxd5 exd5 8.Bg2 c6
9.O-O Re8 10.Bf4 Nbd7 11.a3 Bf8 12.Re1 g6 13.Rc1 Bg7 14.Na4 Ne4 15.Nd2 Ndf6
16.Nf1 Nh5 17.e3 Nxf4 18.gxf4 Qh4 19.Ng3 Bh3 20.Nc5 Bxg2 21.Kxg2 Nxc5 22.Rxc5 Bf8
23.Rc1 Bd6 24.Qf3 f5 25.Rg1 Kf7 26.Nf1 Qg4+ 27.Qxg4 fxg4 28.Kh1 h5 29.h3 gxh3
30.Nd2 Rac8 31.Nf3 b6 32.Rg5 Rc7 33.Rcg1 Re6 34.Kh2 Rf6 35.Ne5+ Ke6 36.Rxg6 c5
37.Rxf6+ Kxf6 38.Rg6+ Ke7 39.f5 Rd7 40.f4 Bxe5 41.fxe5 cxd4 42.exd4 Kf8 43.Rxb6 Rc7  1-0

[Event "14th OIBM"]
[Site "Bad Wiessee GER"]
[Date "2010.11.02"]
[Round "5.46"]
[White "Gerstner,B"]
[Black "Ries,Ber"]
[Result "1-0"]
[WhiteElo "2188"]
[BlackElo "2027"]

1.d4 Nf6 2.c4 e6 3.Nf3 Bb4+ 4.Bd2 Qe7 5.g3 O-O 6.Bg2 Nc6 7.Nc3 Bxc3 8.Bxc3 d6
9.Qc2 e5 10.d5 Nb8 11.e4 c6 12.O-O c5 13.Ne1 Ne8 14.Nd3 f5 15.f4 fxe4 16.Bxe4 Nf6
17.Bg2 Bf5 18.fxe5 Ng4 19.Rae1 Nxe5 20.Rxf5 Rxf5 21.Nxe5 Rxe5 22.Bxe5 dxe5
23.d6 Qd7 24.Bd5+ Kh8 25.Rxe5 Na6 26.Rh5 h6 27.Qg6 Re8 28.Be4 Rxe4 29.Qxe4 Qxd6
30.Rd5 Qf6 31.Rd7 Nb4 32.Rxb7 Qd8 33.Re7 Qd1+ 34.Kg2  1-0

[Event "14th OIBM"]
[Site "Bad Wiessee GER"]
[Date "2010.11.02"]
[Round "5.24"]
[White "Delitzsch,J"]
[Black "Satyapragyan,S"]
[Result "1/2-1/2"]
[WhiteElo "2222"]
[BlackElo "2451"]

1.d4 Nf6 2.c4 e6 3.Nf3 Bb4+ 4.Bd2 c5 5.Bxb4 cxb4 6.g3 O-O 7.Bg2 d6 8.O-O a5
9.a3 Na6 10.Nbd2 Re8 11.e3 e5 12.Qc2 Qc7 13.Rac1 Bg4 14.Rfe1 Rac8 15.a4 Qd7
16.Kh1 h6 17.Ng1 Nb8 18.b3 Nc6 19.d5 Nb8 20.f3 Bf5 21.e4 Bg6 22.Bh3 Qc7 23.Bxc8 Rxc8
24.Qd1 Na6 25.Nh3 Nc5 26.Nf2 Qe7 27.Qe2 Nfd7 28.Qe3 Re8 29.Rg1 Bh7 30.Rce1 Nf6
31.Nd3 Nxd3 32.Qxd3 Nd7 33.Qe3 Nc5 34.g4 Bg6 35.Nf1 Qg5  1/2-1/2

[Event "Chigorin Mem Classic Open"]
[Site "St Petersburg RUS"]
[Date "2010.11.04"]
[Round "8"]
[White "Ponfilenok,V"]
[Black "Khantuev,A"]
[Result "0-1"]
[WhiteElo "2453"]
[BlackElo "2322"]

1.d4 Nf6 2.Nf3 e6 3.c4 Bb4+ 4.Bd2 Be7 5.g3 d5 6.Bg2 c6 7.Qb3 O-O 8.O-O b6
9.Nc3 Ba6 10.cxd5 cxd5 11.Ne5 Nfd7 12.Nxf7 Rxf7 13.Nxd5 Nc6 14.Nxe7+ Nxe7
15.Bxa8 Qxa8 16.Qxe6 Nf8 17.Qg4 Bc8 18.Qh5 Rf5 19.Qe8 Qe4 20.Bc3 Bd7 21.Qd8 Nc6
22.Qh4 Qxe2 23.Rae1 Qc4 24.Qe4 Qxa2 25.f4 h5 26.h3 Qd5 27.g4 Qxe4 28.Rxe4 hxg4
29.hxg4 Rd5 30.f5 Nh7 31.Ref4 b5 32.b4 Rd6 33.Ra1 Nf6 34.Be1 Nxd4 35.Kf2 g5
36.fxg6 Nxg4+ 37.Kf1 a6 38.Bg3 Ne3+ 39.Kf2 Nc4 40.Rd1 Nc6 41.Rxd6 Nxd6 42.Ke2 Nf5
43.Bf2 Kg7 44.Bc5 Kxg6 45.Kd3 Kf6 46.Ke4 Nd8 47.Rf1 Bc6+ 48.Kd3 Ke6 49.Kc3 Nb7
50.Re1+ Kd7 51.Bf8 Nbd6 52.Rd1 Kc7 53.Re1 Ne4+ 54.Kd3 Ned6 55.Kc3 Nc4 56.Ra1 Kb7
57.Rg1 Nb6 58.Kd3 Nd7 59.Rg5 Nxf8 60.Rxf5 Nd7 61.Rh5 Kb6 62.Ke3 a5 63.bxa5+ Kxa5  0-1

[Event "20th World Seniors"]
[Site "Arco ITA"]
[Date "2010.11.06"]
[Round "11"]
[White "Farago,I"]
[Black "Kunz,K"]
[Result "1-0"]
[WhiteElo "2420"]
[BlackElo "2273"]

1.d4 Nf6 2.c4 e6 3.Nf3 Bb4+ 4.Bd2 a5 5.g3 d5 6.Qc2 Nc6 7.a3 Be7 8.Bg2 O-O
9.O-O a4 10.cxd5 exd5 11.Nc3 Bd7 12.Bg5 Ra5 13.e3 h6 14.Bxf6 Bxf6 15.Nd2 Ne7
16.b4 axb3 17.Nxb3 Ba4 18.Nxa4 Rxa4 19.Nc5 Ra7 20.Bh3 Nc6 21.Rfb1 Na5 22.Nd7 Re8
23.Qc5 b6 24.Qxd5 Be7 25.Qb5 Bd6 26.Ne5 Bxe5 27.dxe5 Qe7 28.Bd7 Rd8 29.Rd1 Nb7
30.Bc6 Rxd1+ 31.Rxd1 Nc5 32.Qb2 Ne6 33.a4 Nc5 34.Qc2 g6 35.f4 h5 36.Rd4 Ne6
37.Rd7 Qa3 38.Qd2 Qc5 39.Bd5 Rxa4 40.Bxe6 fxe6 41.Rd8+ Kf7 42.Qd7+ Qe7 43.Qc8 Ra1+
44.Kf2 Ra2+ 45.Kf3 g5 46.Rd7 g4+ 47.Ke4 Rc2 48.Qd8  1-0

[Event "TCh-SUI 2010"]
[Site "Switzerland SUI"]
[Date "2010.11.06"]
[Round "8.1"]
[White "Sermier,G"]
[Black "Sokolov,And1"]
[Result "1/2-1/2"]
[WhiteElo "2402"]
[BlackElo "2569"]

1.d4 Nf6 2.c4 e6 3.Nf3 Bb4+ 4.Bd2 c5 5.Bxb4 cxb4 6.Nbd2 O-O 7.g3 d6 8.Bg2 Re8
9.O-O e5 10.e4 Bg4 11.Qb3 a5 12.a3 Na6 13.axb4 Nxb4 14.Rfe1 b6 15.Qc3 Rc8
16.Rec1 Bxf3 17.Bxf3 d5 18.exd5 e4 19.Bg2 Nfxd5 20.Qb3 Nd3 21.Rf1 N5b4 22.Nxe4 Qxd4
23.Nc3 Qxc4 24.Qxc4 Rxc4 25.Na4 Rb8 26.Rfd1 Rcc8 27.Bf1 Nc5 28.Nxc5 Rxc5
29.Rd7 Kf8 30.b3 Rd5 31.Rc7 Rbd8 32.Rb7 R5d6 33.Re1 R8d7 34.Rb8+ Rd8 35.Rb7 R8d7
36.Rb8+ Rd8 37.Rb7  1/2-1/2

[Event "TCh-BEL 2010-11"]
[Site "Ans BEL"]
[Date "2010.11.07"]
[Round "3.1"]
[White "Feller,S"]
[Black "Wemmers,X"]
[Result "1-0"]
[WhiteElo "2649"]
[BlackElo "2425"]

1.d4 Nf6 2.c4 e6 3.Nf3 Bb4+ 4.Bd2 Qe7 5.g3 Nc6 6.Nc3 Bxc3 7.Bxc3 Ne4 8.Rc1 O-O
9.Bg2 d6 10.d5 Nxc3 11.Rxc3 Nb8 12.dxe6 fxe6 13.O-O Nd7 14.Nd4 Nf6 15.Nc2 Bd7
16.Qd3 Bc6 17.e4 Nd7 18.b4 a5 19.b5 Nc5 20.Qe3 Be8 21.e5 Bg6 22.Nd4 dxe5
23.Qxe5 Rad8 24.Re3 Rfe8 25.Nb3 Nd3 26.Qc3 b6 27.Bc6 Rf8 28.Bd5 Kh8 29.Nd4 Qf6
30.Rxe6 Qg5 31.h4 Qg4 32.Rxg6 Qxg6 33.h5 Qxh5 34.Qxd3 Rf6 35.Qe2 Qh3 36.Qe7 Rdf8
37.Ne6  1-0

[Event "TCh-BEL 2010-11"]
[Site "Ans BEL"]
[Date "2010.11.07"]
[Round "3.4"]
[White "De Haan,E"]
[Black "Klyuner,V"]
[Result "0-1"]
[WhiteElo "2330"]
[BlackElo "2448"]

1.d4 Nf6 2.c4 e6 3.Nf3 Bb4+ 4.Bd2 Qe7 5.g3 Nc6 6.Nc3 Bxc3 7.Bxc3 Ne4 8.Rc1 O-O
9.Bg2 d6 10.d5 Nxc3 11.Rxc3 Nb8 12.dxe6 Bxe6 13.Nd4 c6 14.O-O Nd7 15.e4 a5
16.f4 f6 17.Re1 Nc5 18.Qd2 Rad8 19.b3 Qc7 20.h3 Bf7 21.Kh2 Rfe8 22.Rce3 Rd7
23.a3 Na6 24.Qc3 Qb6 25.Nf5 Bg6 26.Nh4 Qc5 27.Nxg6 hxg6 28.e5 dxe5 29.fxe5 Rde7
30.e6 Qxa3 31.Qd3 Kh7 32.Re4 f5 33.Re5 Nb4 34.Qd4 Qxb3 35.Qh4+ Kg8 36.Qg5 Nd3
37.R5e3 Qxc4 38.Bf1 Qa2+ 39.R1e2 Qa1 40.Rxd3 Qxf1 41.Rde3 a4 42.Rd2 Qc4 43.Qxg6 Rxe6
44.Qxe8+ Rxe8 45.Rxe8+ Kh7 46.h4 b5 47.Rdd8 Kg6 48.Rd6+ Kf7 49.Rc8 a3 50.Rc7+ Kg8
51.h5 Qe2+  0-1

[Event "14th OIBM"]
[Site "Bad Wiessee GER"]
[Date "2010.11.07"]
[Round "9.13"]
[White "Eingorn,V"]
[Black "Fedorovsky,M"]
[Result "1/2-1/2"]
[WhiteElo "2562"]
[BlackElo "2411"]

1.d4 Nf6 2.c4 e6 3.Nf3 Bb4+ 4.Bd2 Bxd2+ 5.Qxd2 d5 6.g3 O-O 7.Bg2 c6 8.O-O Nbd7
9.Rc1 Qe7 10.Qf4 Re8 11.Nbd2 e5 12.dxe5 Nxe5 13.Nxe5 Qxe5 14.Qxe5 Rxe5 15.cxd5 Nxd5
16.e4 Nb6 17.a4 a5 18.Nb3 Re7 19.f4 f6 20.Kf2 Kf8 21.Rc3 Be6 22.Nc5 Rd8 23.Re1 Rd4
24.b3 Bc8 25.Bf3 Rd2+ 26.Re2 Rd8 27.Rcc2 Nd7 28.Red2 Ke8 29.Nxd7 Rexd7  1/2-1/2

[Event "ch-ISR"]
[Site "Haifa ISR"]
[Date "2010.11.08"]
[Round "1.1"]
[White "Postny,E"]
[Black "Kantarji,P"]
[Result "1/2-1/2"]
[WhiteElo "2604"]
[BlackElo "2363"]

1.d4 Nf6 2.c4 e6 3.Nf3 Bb4+ 4.Bd2 a5 5.g3 O-O 6.Bg2 d5 7.Qc2 c5 8.O-O cxd4
9.Nxd4 e5 10.Nb5 d4 11.Bg5 Na6 12.Nd2 h6 13.Bxf6 Qxf6 14.a3 Bc5 15.Kh1 Rb8
16.f4 exf4 17.Rxf4 Qe7 18.Nb3 a4 19.N3xd4 Bxd4 20.Nxd4 Nc5 21.Raf1 Be6 22.Bd5 Kh8
23.e4 Rbe8 24.Qc3 b6 25.Qf3 Bh3 26.Rf2 g5 27.Qh5 f5 28.Qxh6+ Qh7 29.Qxg5 Nd3
30.Rh4 Nxf2+ 31.Kg1 fxe4 32.Rxh7+ Kxh7 33.Qh5+ Kg7 34.Qg5+ Kh7 35.Bc6 Bg4
36.Qh4+ Kg7 37.Qg5+ Kh7 38.Qe3 Re7 39.Bxa4 Nh3+ 40.Kg2 Rf2+ 41.Qxf2 Nxf2
42.Kxf2 e3+ 43.Ke1 Kh6 44.Ne2 Rc7 45.Bb5 Rc8 46.Nf4 Rd8 47.Nd5 e2 48.Ba4 Bf3
49.Nc3 Rd4 50.Nxe2 Rxc4 51.Nc3 Bb7 52.Kf2 Rc7 53.Bb3 Re7 54.h4 Rd7 55.Ke3 Rg7
56.Kf4 Rd7 57.Ke3 Rg7 58.Kf4 Rd7 59.Be6 Rd2 60.b3 Rf2+ 61.Ke5 Rf3 62.Na4 Re3+
63.Kd6 b5 64.Nc5 Bg2 65.g4 Re1 66.Nd7 Rh1 67.Kc5 Bf1 68.h5 Be2 69.Ne5 Kg5
70.Bf5 Ra1 71.Kb4 Rd1 72.Nc6 Rg1 73.Nd4 Bxg4 74.Bxg4 Kxg4 75.Nxb5 Kf5 76.a4 Ke6
77.Kc5 Kd7 78.Kb6 Kc8 79.a5 Rh1 80.b4 Rxh5 81.Nd6+ Kb8 82.b5 Rh6 83.Kc6 Rh1
84.a6 Rc1+ 85.Kb6 Rc7 86.Ne4 Rb7+ 87.Ka5 Re7 88.Nf6 Rf7 89.Nd5 Rf5 90.Ne7 Rh5
91.Kb6 Rh6+ 92.Kc5 Rh5+ 93.Kb6 Rh6+ 94.Nc6+ Ka8 95.Ka5 Rh5 96.Ne7 Rh7 97.Nc8 Kb8
98.Nb6 Ka7 99.Nd5 Rh5 100.Ne7 Kb8 101.Kb6 Rh6+ 102.Kc5 Rh5+ 103.Kb4 Rh4+
104.Ka5 Rh5 105.Nc6+ Ka8 106.Nd4 Ka7 107.Ne6 Kb8 108.Nd8 Ka7 109.Nc6+ Ka8
110.Nb4 Ka7 111.Nd3 Rd5 112.Nb2 Rh5 113.Na4 Rg5 114.Nb6 Rc5 115.Nd7 Rh5 116.Kb4 Rh4+
117.Kc5 Rh6 118.Ne5 Rxa6 119.Nc6+ Kb7 120.Nd8+ Ka7 121.Nc6+ Kb7 122.Nd8+  1/2-1/2

[Event "ch-UKR w"]
[Site "Poltava UKR"]
[Date "2010.11.14"]
[Round "2"]
[White "Gritsayeva,O"]
[Black "Cherednichenko,E"]
[Result "1-0"]
[WhiteElo "2301"]
[BlackElo "2149"]

1.d4 Nf6 2.c4 e6 3.Nf3 Bb4+ 4.Bd2 Qe7 5.g3 Nc6 6.Bg2 O-O 7.O-O Bxd2 8.Qxd2 d6
9.d5 Nb8 10.dxe6 fxe6 11.Nc3 Nc6 12.Rac1 Bd7 13.Ng5 h6 14.Nge4 Nxe4 15.Nxe4 Nd8
16.c5 d5 17.Nc3 Qxc5 18.e4 d4 19.Ne2 Qd6 20.Qxd4 Qxd4 21.Nxd4 Nc6 22.Rfd1 Nxd4
23.Rxd4 Bc6 24.e5 Bxg2 25.Kxg2 Rf7 26.Rb4 Rb8 27.Rc6 Re7 28.Rb3 Kf7 29.Ra6 bxa6
30.Rxb8 c5 31.Rc8 Rb7 32.b3 Rb5 33.Rc7+ Kg6 34.f4 a5 35.a4 Rxb3 36.Rxc5 Rb2+
37.Kf3 Rb3+ 38.Kg4 h5+ 39.Kh3 Kf5 40.Rc7 g5 41.Rf7+ Kg6 42.Rf6+ Kg7 43.fxg5 Re3
44.Rxe6 Re4 45.Kg2 Rxa4 46.Ra6 h4 47.gxh4 Rxh4 48.Kg3 Ra4 49.h4 Ra3+ 50.Kg4 Ra4+
51.Kh5 Re4 52.Rxa7+ Kf8 53.Rxa5 Kg7 54.g6 Rf4 55.Kg5 Rf1 56.Ra7+ Kg8 57.Kh6 Rf8
58.Rg7+ Kh8 59.Rh7+ Kg8 60.g7  1-0

[Event "TCh-SWE Elitserien 2010-11"]
[Site "Sweden SWE"]
[Date "2010.11.14"]
[Round "5"]
[White "Kockum,A"]
[Black "Hall,Je"]
[Result "1-0"]
[WhiteElo "2322"]
[BlackElo "2490"]

1.d4 Nf6 2.Nf3 e6 3.c4 Bb4+ 4.Bd2 a5 5.g3 b6 6.Bg2 Bb7 7.Nc3 O-O 8.O-O d6
9.b3 Nbd7 10.a3 Bxc3 11.Bxc3 Ne4 12.Bb2 a4 13.b4 b5 14.d5 bxc4 15.dxe6 fxe6
16.Qc2 c3 17.Bxc3 Nxc3 18.Qxc3 Rc8 19.Qc2 Ba6 20.b5 Bb7 21.Qxa4 Nc5 22.Qb4 Qf6
23.a4 e5 24.Ra3 Rb8 25.Nd2 Bxg2 26.Kxg2 Qg6 27.Qc4+ Kh8 28.a5 Rf4 29.e4 Nxe4
30.Nxe4 Rxe4 31.Qxc7 Rf8 32.Qc6 Ref4 33.a6 Rh4 34.a7 Qg4 35.Kg1  1-0

[Event "1st Open"]
[Site "Brno CZE"]
[Date "2010.11.16"]
[Round "4"]
[White "Chetverik,M"]
[Black "Tsenov,Tsvetoslav"]
[Result "0-1"]
[WhiteElo "2339"]
[BlackElo "2141"]

1.d4 Nf6 2.c4 e6 3.Nf3 Bb4+ 4.Bd2 Qe7 5.Nc3 Nc6 6.Qc2 d6 7.e3 O-O 8.h3 Bxc3
9.Bxc3 e5 10.d5 Nb8 11.Qe2 a5 12.b3 Nbd7 13.a3 Nc5 14.Nd2 g6 15.g4 b5 16.g5 Ne8
17.b4 Na4 18.Qd3 Nxc3 19.Qxc3 bxc4 20.h4 f6 21.Rg1 Ba6 22.Bxc4 Bxc4 23.Nxc4 Ng7
24.Rb1 Nf5 25.Rg4 Qf7 26.Rb2 Ne7 27.e4 f5 28.Rg3 fxe4 29.Ne3 Nxd5 30.Qd2 Nxe3
31.Rxe3 d5  0-1

[Event "16th Asian Games Team Men"]
[Site "Guangzhou CHN"]
[Date "2010.11.18"]
[Round "1"]
[White "Araz,B"]
[Black "Antonio,R"]
[Result "1/2-1/2"]
[WhiteElo "2349"]
[BlackElo "2573"]

1.d4 Nf6 2.c4 e6 3.Nf3 Bb4+ 4.Bd2 Qe7 5.g3 Nc6 6.Nc3 O-O 7.Bg2 a5 8.O-O Bxc3
9.Bxc3 d6 10.d5 Nd8 11.Nd4 e5 12.Nb5 Ne8 13.Qd2 b6 14.f4 f6 15.fxe5 fxe5
16.Rxf8+ Kxf8 17.Qd3 Kg8 18.Bd2 Nf7 19.Rf1 Nf6 20.Nc3 g6 21.Ne4 Nxe4 22.Bxe4 Bh3
23.Rf2 Kg7 24.Qf3 h5 25.Qd3 Ng5 26.Bg2 Bxg2 27.Kxg2 Nf7 28.Qf3 Re8 29.h4 Rf8
30.Kf1 Kg8 31.Bg5 Nxg5 32.Qxf8+ Qxf8 33.Rxf8+ Kxf8 34.hxg5 Ke7 35.Ke1 Kd7
36.Kd2 c6 37.Kc3 Kc7 38.dxc6 Kxc6 39.e4 Kc5 40.b3 Kc6 41.b4 axb4+ 42.Kxb4 Kc7
43.Kb5 Kb7 44.Ka4 Kc7 45.Ka3 Kb7 46.Kb3 Kc7 47.Ka4 Kc6 48.Kb4 Kc7 49.a3 Kc6
50.Kb3 Kc5 51.Kc3 Kc6 52.Kb4 Kc7 53.Kb5 Kb7 54.a4 Kc7 55.Ka6 Kc6 56.Ka7 Kc7
57.Ka8 Kc8 58.Ka7 Kc7 59.Ka6 Kc6 60.Ka7 Kc7 61.Ka8 Kc8 62.Ka7 Kc7 63.Ka8  1/2-1/2

[Event "16th Asian Games Team Men"]
[Site "Guangzhou CHN"]
[Date "2010.11.19"]
[Round "2"]
[White "Munkhgal,G"]
[Black "Akylbekov,Nasyr"]
[Result "1/2-1/2"]
[WhiteElo "2316"]
[BlackElo "2376"]

1.d4 Nf6 2.c4 e6 3.Nf3 Bb4+ 4.Bd2 Qe7 5.g3 b6 6.Bg2 Bb7 7.O-O O-O 8.Bg5 h6
9.Bxf6 Qxf6 10.a3 Be7 11.Nc3 d6 12.Qc2 g6 13.Rad1 Nd7 14.h4 Qg7 15.d5 e5
16.e4 f5 17.Bh3 Bc8 18.exf5 gxf5 19.Kh1 Qh7 20.b4 a6 21.Ne2 Nf6 22.c5 f4
23.Qxh7+ Kxh7 24.Bxc8 Raxc8 25.gxf4 Nh5 26.cxb6 Nxf4 27.b7 Rb8 28.Nxf4 Rxf4
29.Rc1 Rxb7 30.Kg2 Bxh4 31.Rc6 Ra7 32.Nxh4 Rxh4 33.Rfc1 Rg4+ 34.Kf3 Rg7 35.Ke3 Kg6
36.R1c5 h5 37.Ra5 h4 38.b5 h3 39.bxa6 Kf5 40.Rc1 Rh7 41.f3 h2 42.Rh1 c6 43.dxc6 Rhc7
44.f4 Rxc6 45.fxe5 Rcxa6 46.Rxa6 Rxa6 47.exd6 Rxa3+  1/2-1/2

[Event "16th Asian Games Team Men"]
[Site "Guangzhou CHN"]
[Date "2010.11.20"]
[Round "3"]
[White "Gundavaa,B"]
[Black "Ahmed,Al Khatib"]
[Result "1-0"]
[WhiteElo "2472"]
[BlackElo "1976"]

1.d4 Nf6 2.Nf3 e6 3.c4 Bb4+ 4.Bd2 Bxd2+ 5.Nbxd2 O-O 6.g3 d6 7.Bg2 Nc6 8.e4 e5
9.d5 Ne7 10.c5 Nd7 11.cxd6 cxd6 12.O-O a5 13.Rc1 Nc5 14.Nxe5 b6 15.Nec4 Ng6
16.Nb3 Ba6 17.Nd4 Re8 18.Re1 Bxc4 19.Rxc4 Ne5 20.Rc3 b5 21.Nxb5 Qb6 22.a4 Rab8
23.b3 f5 24.exf5 Rb7 25.Rce3 Rf8 26.Nd4 Qa7 27.Nc6  1-0

[Event "16th Asian Games Team Men"]
[Site "Guangzhou CHN"]
[Date "2010.11.20"]
[Round "3"]
[White "Ghaem Maghami,E"]
[Black "Al Qudaimi,B"]
[Result "1-0"]
[WhiteElo "2593"]
[BlackElo "2406"]

1.d4 Nf6 2.c4 e6 3.Nf3 Bb4+ 4.Bd2 Qe7 5.g3 Bxd2+ 6.Qxd2 Ne4 7.Qc2 Qb4+ 8.Nbd2 Nxd2
9.Nxd2 Nc6 10.e3 Qe7 11.Bg2 e5 12.d5 Nb4 13.Qc3 Na6 14.O-O d6 15.f4 f6 16.b4 O-O
17.Nb3 Re8 18.f5 Bd7 19.c5 Bb5 20.Rfc1 Red8 21.Na5 Rab8 22.c6 b6 23.Nb7 Re8
24.a4 Be2 25.Qc2 Nxb4 26.Qxe2 a5 27.Be4 Rf8 28.Rf1 Qf7 29.Rad1 Ra8 30.Rf2 Qe8
31.g4 h6 32.h4 Kf7 33.Rg2 Ke7 34.g5 hxg5 35.hxg5 Qf7 36.Kf2 g6 37.fxg6 Qg7
38.Rh1 f5 39.Rh7 fxe4+ 40.Kg1 Rf7 41.Rxg7 Rxg7 42.Qg4 Nxd5 43.Qd7+ Kf8 44.Rf2+ Nf4
45.Qf5+  1-0

[Event "TCh-NED"]
[Site "Netherlands NED"]
[Date "2010.11.20"]
[Round "3.2"]
[White "Ernst,S"]
[Black "Van den Doel,E"]
[Result "1/2-1/2"]
[WhiteElo "2587"]
[BlackElo "2573"]

1.d4 Nf6 2.c4 e6 3.Nf3 Bb4+ 4.Bd2 Bxd2+ 5.Qxd2 d6 6.Nc3 O-O 7.g3 Nc6 8.Bg2 e5
9.O-O Bg4 10.d5 Ne7 11.Ne1 Qd7 12.e4 Bh3 13.f4 exf4 14.gxf4 Ng6 15.f5 Bxg2
16.Nxg2 Ne5 17.b3 Kh8 18.Kh1 Qe7 19.Rae1 Rg8 20.Re3 g5 21.fxg6 fxg6 22.Nf4 Raf8
23.Ree1 Nfd7 24.Nb5 Nc5 25.Nd4 Qh4 26.b4 Ncd3 27.Nxd3 Rxf1+ 28.Rxf1 Qxe4+
29.Nf3 Nxf3 30.Qg2 Qxd3 31.Rxf3 Qd4 32.Qe2 b5 33.cxb5 Qxd5 34.Kg1 Qd4+ 35.Qf2 Qxb4
36.Rf7 Qb1+ 37.Kg2 Qe4+ 38.Kg1 Qb1+ 39.Kg2 Qe4+ 40.Kg1 Qe5 41.Rxc7 Re8 42.h4 g5
43.Rf7 Kg8 44.Rf5 Qe1+ 45.Qxe1 Rxe1+ 46.Kf2 Ra1 47.Rxg5+ Kf7 48.Rh5 Rxa2+
49.Kg3 Rb2  1/2-1/2

[Event "TCh-BEL 2010-11"]
[Site "Ghent BEL"]
[Date "2010.11.21"]
[Round "4.5"]
[White "Goormachtigh,J"]
[Black "Memeti,K"]
[Result "1/2-1/2"]
[WhiteElo "2282"]
[BlackElo "2210"]

1.d4 e6 2.c4 Nf6 3.Nf3 Bb4+ 4.Bd2 Qe7 5.g3 Nc6 6.Nc3 Bxc3 7.Bxc3 Ne4 8.Rc1 d6
9.d5 Nxc3 10.Rxc3 Nb8 11.dxe6 fxe6 12.Bg2 O-O 13.Nd4 c6 14.O-O Nd7 15.b4 Nf6
16.b5 e5 17.Nc2 cxb5  1/2-1/2

[Event "16th Asian Games Team Men"]
[Site "Guangzhou CHN"]
[Date "2010.11.21"]
[Round "4"]
[White "Munkhgal,G"]
[Black "Mahjoob,M"]
[Result "1/2-1/2"]
[WhiteElo "2316"]
[BlackElo "2514"]

1.d4 Nf6 2.Nf3 e6 3.c4 Bb4+ 4.Bd2 a5 5.g3 d6 6.Bg2 Nbd7 7.O-O e5 8.Bg5 exd4
9.Nxd4 O-O 10.a3 Bc5 11.Nc3 h6 12.Bxf6 Nxf6 13.Rb1 a4 14.e3 Bg4 15.Qc2 Qc8
16.Rbc1 Bh3 17.Nxa4 Bxd4 18.exd4 Bxg2 19.Kxg2 Qd7 20.b3 b5 21.cxb5 Qxb5 22.Qc4 Qb7+
23.f3 Rab8 24.b4 Ra8 25.b5 Rfb8 26.Nc3 Rxa3 27.Rfe1 Kf8 28.Re2 Re8 29.Rxe8+ Kxe8
30.Re1+ Kf8 31.d5 Ra8 32.Qc6 Rb8 33.h4 Qc8 34.Ra1 Qb7 35.Ra6 Qxc6 36.dxc6 d5
37.b6 cxb6 38.Nb5 Ne8 39.Kf2 Ke7 40.Ke3 Rc8 41.Rxb6 Nd6 42.Kd4 Nxb5+ 43.Rxb5 Rxc6
44.Kxd5 Re6 45.Kd4 Kf6 46.Kd3 g6 47.Rb1 h5 48.Rg1 Re5 49.Kd4 Re7 50.g4 hxg4
51.fxg4 Re2 52.Rf1+ Ke6 53.g5 Ra2 54.Rf6+ Ke7 55.Ke3 Ra4 56.Rf4 Rxf4 57.Kxf4 Kd6
58.Kg4 Ke5 59.h5 gxh5+ 60.Kxh5 Kf5 61.Kh6 Kg4 62.g6 fxg6 63.Kxg6  1/2-1/2

[Event "16th Asian Games Team Men"]
[Site "Guangzhou CHN"]
[Date "2010.11.24"]
[Round "7"]
[White "Laylo,D"]
[Black "Akylbekov,Nasyr"]
[Result "0-1"]
[WhiteElo "2527"]
[BlackElo "2376"]

1.d4 Nf6 2.Nf3 e6 3.c4 Bb4+ 4.Bd2 a5 5.Nc3 O-O 6.g3 b6 7.Bg2 Bb7 8.O-O Re8
9.a3 Bxc3 10.Bxc3 d5 11.Nd2 Nbd7 12.b4 axb4 13.axb4 c6 14.e4 dxc4 15.Rxa8 Qxa8
16.Nxc4 Ba6 17.Qb3 Bxc4 18.Qxc4 b5 19.Qd3 Rd8 20.Ra1 Qb7 21.Qc2 Nb6 22.Rc1 h6
23.Bf1 Qe7 24.f3 Nfd7 25.Be1 Nb8 26.Bf2 Na4 27.Qb3 Qd6 28.f4 Na6 29.Rb1 Rc8
30.f5 exf5 31.Bh3 Re8 32.Bxf5 Nb6 33.Qf3 Qe7 34.d5 Nc4 35.Ra1 Nxb4 36.Ra7 Qf6
37.Kg2 Ne5 38.Qc3 Nbd3 39.Bd4 cxd5 40.Qxd3 Qxf5 41.Bxe5 dxe4 42.Qxb5 Rxe5  0-1

[Event "11th Puhajarve Rapid"]
[Site "Harjumaa EST"]
[Date "2010.11.27"]
[Round "8"]
[White "Valgmae,Toomas"]
[Black "Kiik,K"]
[Result "1/2-1/2"]
[WhiteElo "2190"]
[BlackElo "2420"]

1.d4 Nf6 2.c4 e6 3.Nf3 Bb4+ 4.Bd2 Qe7 5.g3 Nc6 6.Bg2 Bxd2+ 7.Qxd2 Ne4 8.Qc2 Qb4+
9.Kf1 d5 10.e3 f5 11.Nbd2 O-O 12.Ke2 b6 13.Rhc1 Ba6 14.Kf1 Na5 15.b3 c6 16.Kg1 Qd6
17.c5 bxc5 18.dxc5 Qc7 19.Nd4 Rae8 20.b4 Nc4 21.Nxc4 Bxc4 22.a4 e5 23.Ne2 a6
24.Nc3 Nxc3 25.Qxc3 Rf6 26.Bf1 Bxf1 27.Kxf1 f4 28.exf4 exf4 29.Kg1 fxg3 30.hxg3 Re2
31.Rf1 Qf7 32.Qd4 Re4 33.Qd1 Rxb4 34.Rb1 Rxb1 35.Qxb1 Qf8 36.Qb6 h5 37.Qxa6 Qxc5
38.a5 h4 39.Qc8+ Kh7 40.a6 hxg3 41.Qh3+ Rh6 42.Qf5+ Rg6 43.Qh5+ Rh6 44.Qf5+  1/2-1/2

[Event "11th Puhajarve Rapid"]
[Site "Harjumaa EST"]
[Date "2010.11.27"]
[Round "18"]
[White "Valgmae,Toomas"]
[Black "Schuls,O"]
[Result "1/2-1/2"]
[WhiteElo "2190"]
[BlackElo "2224"]

1.d4 Nf6 2.c4 e6 3.Nf3 Bb4+ 4.Bd2 c5 5.g3 Nc6 6.Bg2 Qa5 7.O-O Bxd2 8.Nbxd2 cxd4
9.Nb3 Qb4 10.Nfxd4 O-O 11.Rc1 Nxd4 12.Qxd4 d5 13.cxd5 Qxd4 14.Nxd4 exd5 15.Rc7 Rb8
16.Rfc1 Re8 17.e3 a6 18.b4 Be6 19.Kf1 Kf8 20.Ke2 Re7 21.R7c2 Ne8 22.Rc5 Nf6
23.a4 Rd7 24.a5 Ke7 25.h3 Rd6 26.f4 Bd7 27.g4 b6 28.Rc7 Kd8 29.g5 Ne8 30.Ra7 bxa5
31.bxa5 Rb2+ 32.Rc2 Rxc2+ 33.Nxc2 Nc7 34.e4 d4 35.e5 d3+ 36.Kd2 Re6 37.Nd4 Re8
38.Kxd3 Kc8 39.h4 Rd8 40.Kc4 Be6+ 41.Nxe6 fxe6 42.Kc5 Rd2 43.Be4 Rd1 44.h5 Rc1+
45.Kb4 h6 46.gxh6 gxh6 47.Kb3 Rf1 48.Bc6 Rxf4 49.Rb7 Rf5 50.Rb6  1/2-1/2

[Event "46th American Open"]
[Site "Los Angeles USA"]
[Date "2010.11.27"]
[Round "5"]
[White "Taylor,T"]
[Black "Akopyan,H"]
[Result "1-0"]
[WhiteElo "2317"]
[BlackElo "2230"]

1.d4 Nf6 2.c4 e6 3.Nf3 Bb4+ 4.Bd2 a5 5.g3 b6 6.Bg2 Ba6 7.Qc2 O-O 8.O-O d5
9.Ne5 Bb7 10.Nc3 Qe7 11.Bg5 c6 12.Na4 b5 13.Nb6 Ra6 14.c5 a4 15.Ng4 Ba5 16.e4 dxe4
17.Bxe4 Bxb6 18.Bxh7+ Kh8 19.Bxf6 gxf6 20.Qd2 Rc8 21.Qh6 Qf8 22.Qh4 Kg7 23.Bd3  1-0

[Event "XXIII Belgrade Trophy"]
[Site "Obrenovac SRB"]
[Date "2010.11.28"]
[Round "5.60"]
[White "Rodic,Dr"]
[Black "Aleksic,C"]
[Result "1-0"]
[WhiteElo "2113"]
[BlackElo "1777"]

1.d4 Nf6 2.c4 e6 3.Nf3 Bb4+ 4.Bd2 Bxd2+ 5.Nbxd2 d5 6.Qc2 O-O 7.e3 Nbd7 8.cxd5 exd5
9.Bd3 Re8 10.O-O c6 11.b4 a6 12.a4 Nf8 13.b5 axb5 14.axb5 Bd7 15.bxc6 bxc6
16.Ne5 Rxa1 17.Rxa1 Qb6 18.Rb1 Qa5 19.Nb3 Qc7 20.Nc5 Bc8 21.h3 h6 22.Qa4 Bd7
23.Rb7 Qd6 24.Qa7 Rd8 25.f4 g5 26.f5 Kg7 27.Kf2 Kg8 28.Qb6 Rc8 29.g4 Kg7
30.Qa7 Be8 31.Rxf7+ Bxf7 32.Qxf7+ Kh8 33.Ne6  1-0

[Event "WY U-16 Olympiad"]
[Site "Burdur TUR"]
[Date "2010.12.02"]
[Round "7"]
[White "Komut,B"]
[Black "Rindlisbacher,L"]
[Result "0-1"]
[WhiteElo "2002"]
[BlackElo "2172"]

1.d4 Nf6 2.Nf3 e6 3.c4 Bb4+ 4.Bd2 c5 5.Bxb4 cxb4 6.Nbd2 O-O 7.e4 d6 8.Bd3 Nc6
9.O-O e5 10.d5 Nb8 11.c5 Ne8 12.Qc2 Nd7 13.cxd6 f6 14.Nc4 b5 15.Ne3 Nxd6
16.Nh4 g6 17.g3 Bb7 18.Qe2 Nc5 19.Neg2 Qb6 20.Kh1 Rac8 21.Rad1 Rc7 22.Bb1 Re7
23.Qg4 Bc8 24.Qe2 a5 25.Qe3 Nc4 26.Qe2 Na4 27.f4 Naxb2 28.Rde1 Na4 29.fxe5 fxe5
30.Bd3 Nc3 31.Rxf8+ Kxf8 32.Rf1+ Rf7 33.Rxf7+ Kxf7 34.Qf1+ Kg7 35.Nf3 Qf6
36.Ngh4 Nd6 37.Qf2 Bg4 38.Qa7+ Qf7 39.Qe3 Qe7 40.Kg2 Nxa2 41.Qb6 a4 42.Bxb5 Nxe4
43.Bxa4 g5 44.h3 gxh4 45.hxg4 hxg3 46.Qe3 Nac3 47.Bc2 Qc5 48.Qxc5 Nxc5 49.Nd2 Nxd5
50.Kxg3 Ne3 51.Bb1 b3 52.Kf3 Nd5 53.Nc4 Nc3 54.Bf5 e4+ 55.Ke3 N5a4 56.Kd2 h6
57.Bd7 Kf6 58.Bc6 Kg5 59.Nb2 e3+  0-1

[Event "TCh-CZE 2010-11"]
[Site "Czech Rep CZE"]
[Date "2010.12.04"]
[Round "3.3"]
[White "Dydyshko,V"]
[Black "Hracek,Z"]
[Result "1/2-1/2"]
[WhiteElo "2547"]
[BlackElo "2631"]

1.d4 Nf6 2.c4 e6 3.Nf3 Bb4+ 4.Bd2 a5 5.g3 d6 6.Bg2 Nbd7 7.O-O e5 8.Nc3 O-O
9.Qc2 Re8 10.Rad1 e4 11.Ne1 Bxc3 12.Qxc3 d5 13.b3 h6 14.Nc2 Nf8 15.Bf4 c6
16.Be5 N8h7 17.f3 exf3 18.exf3 Be6 19.Ne3 Qd7 20.g4 a4 21.c5 axb3 22.axb3 Qd8
23.Ra1 Rxa1 24.Rxa1 h5 25.h3 hxg4 26.hxg4 Nd7 27.Bg3 Ndf8 28.Ra7 Bc8 29.Ra8 g6
30.b4 Ne6 31.Ra1 Qf6 32.Be5 Qh4 33.Nc2 f6  1/2-1/2

[Event "TCh-BEL 2010-11"]
[Site "Belgium BEL"]
[Date "2010.12.05"]
[Round "5.4"]
[White "Skulener,W"]
[Black "Klyuner,V"]
[Result "1/2-1/2"]
[WhiteElo "2347"]
[BlackElo "2448"]

1.d4 Nf6 2.c4 e6 3.Nf3 Bb4+ 4.Bd2 Qe7 5.g3 O-O 6.Bg2 Bxd2+ 7.Qxd2 d6 8.Nc3 c6
9.O-O e5 10.e4 Re8 11.h3 Nbd7 12.Rad1 Nf8 13.Rfe1 Qc7 14.b3 Be6 15.Rc1 Bd7
16.Rcd1  1/2-1/2

[Event "TCh-HUN 2010-11"]
[Site "Decs HUN"]
[Date "2010.12.05"]
[Round "4"]
[White "Pap,G"]
[Black "Szabo,Zso2"]
[Result "0-1"]
[WhiteElo "2519"]
[BlackElo "2433"]

1.d4 Nf6 2.c4 e6 3.Nf3 Bb4+ 4.Bd2 Qe7 5.g3 Nc6 6.Nc3 Bxc3 7.Bxc3 Ne4 8.Rc1 O-O
9.Bg2 d6 10.d5 Nxc3 11.Rxc3 Nd8 12.Qc2 Bd7 13.O-O b6 14.b4 a5 15.Ra3 Nb7
16.dxe6 fxe6 17.Nd4 Rab8 18.Re3 e5 19.a3 Kh8 20.Nb5 c6 21.Nc3 axb4 22.axb4 Nd8
23.Rd3 Bf5 24.Be4 Ne6 25.Rd2 Nd4 26.Qd3 Bxe4 27.Qxe4 Qf7 28.Qd3 Ra8 29.Ne4 Qg6
30.f3 d5 31.cxd5 cxd5 32.Nc3 Qc6 33.Kg2 Ra3 34.Rc1 Nb3 35.Na2 Qa8 36.Rc3 e4
37.fxe4 dxe4 38.Qe3 Nxd2 39.Rxa3 Nc4  0-1